Arco making money in technical writing / (Record no. 346670)

000 -LEADER
fixed length control field 00766 a2200169 4500
020 ## - INTERNATIONAL STANDARD BOOK NUMBER
International Standard Book Number 0028618831 (paperback)
020 ## - INTERNATIONAL STANDARD BOOK NUMBER
International Standard Book Number 9780028618838 (paperback)
082 04 - DEWEY DECIMAL CLASSIFICATION NUMBER
Classification number 808.0666
090 ## - LOCALLY ASSIGNED LC-TYPE CALL NUMBER (OCLC); LOCAL CALL NUMBER (RLIN)
-- 4220
-- 4220
100 1# - MAIN ENTRY--PERSONAL NAME
Personal name Kent, Peter.
245 10 - TITLE STATEMENT
Title Arco making money in technical writing /
Statement of responsibility, etc. Peter Kent.
260 ## - PUBLICATION, DISTRIBUTION, ETC.
Place of publication, distribution, etc. [S.l.] :
Name of publisher, distributor, etc. Arco Pub,
Date of publication, distribution, etc. 1997.
300 ## - PHYSICAL DESCRIPTION
Extent 280 p. ;
Dimensions 24 cm.
520 ## - SUMMARY, ETC.
Summary, etc. The only book about selling your services as a freelance technical writer. Highly acclaimed within the freelance tech-writing business. Originally published as The Technical Writer's Freelancing Guide , this edition is greatly updated -- 80% of it is new.
856 40 - ELECTRONIC LOCATION AND ACCESS
Materials specified Amazon.com
Uniform Resource Identifier <a href="http://www.amazon.com/exec/obidos/ASIN/0028618831/chopaconline-20">http://www.amazon.com/exec/obidos/ASIN/0028618831/chopaconline-20</a>
942 ## - ADDED ENTRY ELEMENTS (KOHA)
Institution code [OBSOLETE] NBS
Koha item type Book
Call number prefix 332.4 KEN
Holdings
Withdrawn status Lost status Damaged status Not for loan Permanent Location Current Location Date acquired Total Checkouts Full call number Barcode Date last seen Date last checked out Price effective from Koha item type
        Central Library (CL) Central Library (CL) 08/28/2013 1 332.4 KEN NBS3871 11/22/2017 08/02/2017 08/28/2013 Book
© 2023 Central Library, National University of Sciences and Technology. All Rights Reserved.